Normal view
MARC view
- Moore, David S.
Entry Personal Name
001 - CONTROL NUMBER
- control field: 68
003 - CONTROL NUMBER IDENTIFIER
- control field: Nust
005 - DATE AND TIME OF LATEST TRANSACTION
- control field: 20170505123830.0
008 - FIXED-LENGTH DATA ELEMENTS
- fixed length control field: 170505|| aca||aabn | a|a d
040 ## - CATALOGING SOURCE
- Original cataloging agency: Nust
- Transcribing agency: Nust
100 ## - HEADING--PERSONAL NAME
- Personal name: Moore, David S.
670 ## - SOURCE DATA FOUND
- Source citation: Work cat.: (Nust)0: Moore, David S., The basic practice of statistics /, c2000.
